[Event "VIII CAMPEONATO CONTINENTAL DE LAS AMERI"]
[Site "Hotel Casa Campestre - Cochaba"]
[Date "2013.05.09"]
[Round "4"]
[White "Cori, Jorge"]
[Black "Bachmann, Axel"]
[Result "0-1"]
[WhiteElo "2546"]
[BlackElo "2531"]
[PlyCount "98"]
[EventDate "2013.05.07"]
[EventRounds "11"]
[EventCountry "BOL"]

1. d4 Nf6 2. c4 e6 3. Nf3 d5 4. e3 Be7 5. Nc3 O-O 6. Bd3 dxc4 7. Bxc4 c5 8. O-O
a6 9. Qe2 b5 10. Bd3 cxd4 11. exd4 Bb7 12. Bg5 b4 13. Ne4 Nxe4 14. Bxe4 Bxe4
15. Qxe4 Nd7 16. Bxe7 Qxe7 17. Rac1 Nf6 18. Qe2 Rfd8 19. Rc4 a5 20. Rfc1 Nd5
21. Ne5 Qd6 22. Qf3 f6 23. Rc6 Qe7 24. Nd3 Rd6 25. Qe4 Rad8 26. g3 h6 27. R1c5
a4 28. Rxd6 Qxd6 29. Ra5 a3 30. bxa3 Nc3 31. Qe1 Qxd4 32. Qxe6+ Kh8 33. Nxb4
Ne4 34. Qf5 Qd1+ 35. Kg2 Nd2 36. h4 Qf1+ 37. Kh2 Qe2 38. Nd5 Nf3+ 39. Kg2 Ne1+
40. Kh3 Nd3 41. Kg2 Ne1+ 42. Kh3 Qf1+ 43. Kg4 Qe2+ 44. Kh3 Qf1+ 45. Kg4 Qe2+
46. f3 Nxf3 47. Nc3 Ne5+ 48. Kh3 Qe1 49. Qc2 Rd3 0-1

[Event "VIII CAMPEONATO CONTINENTAL DE LAS AMERI"]
[Site "Hotel Casa Campestre - Cochaba"]
[Date "2013.05.09"]
[Round "4"]
[White "Kropff, Ricardo"]
[Black "Iturrizaga, Eduardo"]
[Result "0-1"]
[WhiteElo "2224"]
[BlackElo "2655"]
[PlyCount "64"]
[EventDate "2013.05.07"]
[EventRounds "11"]
[EventCountry "BOL"]

1. d4 Nf6 2. c4 c5 3. d5 b5 4. cxb5 a6 5. b6 d6 6. Nc3 Nbd7 7. a4 Qxb6 8. Nf3
g6 9. e4 Bg7 10. Be2 O-O 11. a5 Qa7 12. h3 Rb8 13. Qc2 Rb4 14. O-O e6 15. Ra2
exd5 16. exd5 Re8 17. b3 Ne4 18. Nxe4 Rbxe4 19. Bd3 R4e7 20. Bb2 Bxb2 21. Qxb2
Ne5 22. Nxe5 Rxe5 23. Bc4 Qe7 24. Qc3 Qh4 25. Rd2 f5 26. Qd3 f4 27. Bxa6 Bxa6
28. Qxa6 f3 29. Rd3 fxg2 30. Kxg2 Qe4+ 31. Kh2 Qe2 32. Rg1 Rf5 0-1

[Event "VIII CAMPEONATO CONTINENTAL DE LAS AMERI"]
[Site "Hotel Casa Campestre - Cochaba"]
[Date "2013.05.09"]
[Round "4"]
[White "Lenderman, Aleksandr"]
[Black "Martinez, Ariel A"]
[Result "1-0"]
[WhiteElo "2585"]
[BlackElo "2203"]
[PlyCount "79"]
[EventDate "2013.05.07"]
[EventRounds "11"]
[EventCountry "BOL"]

1. d4 d6 2. Nf3 f5 3. Nc3 Nf6 4. Bg5 g6 5. Bxf6 exf6 6. e3 d5 7. Bd3 Bd6 8. Ne2
Be6 9. O-O O-O 10. Qc1 Nd7 11. c4 c6 12. Qc2 dxc4 13. Bxc4 Bxc4 14. Qxc4+ Kh8
15. Rfd1 Qe7 16. Qb3 Nb6 17. Nc3 Bb4 18. Rac1 Rfd8 19. a3 Bxc3 20. bxc3 Rd7 21.
a4 Rad8 22. c4 c5 23. d5 Rd6 24. Rb1 Rb8 25. Nd2 Nd7 26. Qc2 a6 27. g3 Qe5 28.
Re1 Rb6 29. Rxb6 Nxb6 30. f4 Qe8 31. a5 Nd7 32. e4 b5 33. e5 fxe5 34. fxe5 Qe7
35. e6 Nf6 36. Qc3 Rd8 37. Nf3 Kg7 38. Ne5 Ne4 39. Rxe4 fxe4 40. Ng4+ 1-0

[Event "VIII CAMPEONATO CONTINENTAL DE LAS AMERI"]
[Site "Hotel Casa Campestre - Cochaba"]
[Date "2013.05.09"]
[Round "4"]
[White "Campero, Ronald"]
[Black "Vasquez Schroeder, Rodrigo"]
[Result "1-0"]
[WhiteElo "2211"]
[BlackElo "2554"]
[PlyCount "101"]
[EventDate "2013.05.07"]
[EventRounds "11"]
[EventCountry "BOL"]

1. e4 e6 2. d4 d5 3. Nc3 Bb4 4. exd5 exd5 5. Bd3 Nc6 6. a3 Ba5 7. Be3 Be6 8.
Qf3 Qd7 9. Nge2 Nge7 10. h3 O-O-O 11. b4 Bb6 12. Na4 Bf5 13. Nxb6+ cxb6 14. Ng3
Bxd3 15. cxd3 Kb8 16. b5 Na5 17. Rb1 f6 18. O-O Ka8 19. Bd2 h5 20. Bb4 h4 21.
Bxe7 Qxe7 22. Nf5 Qd7 23. Rfe1 Rhe8 24. Rxe8 Rxe8 25. Nxh4 Qc7 26. Qh5 Rd8 27.
g3 Qc3 28. Qe2 Qxa3 29. Nf5 g6 30. Qe7 Qxe7 31. Nxe7 g5 32. Kg2 Kb8 33. h4 gxh4
34. gxh4 Kc7 35. h5 Rh8 36. Nxd5+ Kd6 37. Nf4 Rh7 38. Kf3 f5 39. Kg3 Rg7+ 40.
Ng6 Ke6 41. Kf4 Kf6 42. Ne5 Rg2 43. Rh1 Rxf2+ 44. Kg3 Rc2 45. h6 Rc8 46. h7 Rh8
47. Kf4 Nb3 48. Nf3 Kg7 49. Rb1 Na5 50. Ng5 Kg6 51. d5 1-0

[Event "VIII CAMPEONATO CONTINENTAL DE LAS AMERI"]
[Site "Hotel Casa Campestre - Cochaba"]
[Date "2013.05.09"]
[Round "4"]
[White "Zambrana, Oswaldo"]
[Black "Cornejo P, Guillermo"]
[Result "1-0"]
[WhiteElo "2478"]
[BlackElo "2222"]
[PlyCount "111"]
[EventDate "2013.05.07"]
[EventRounds "11"]
[EventCountry "BOL"]

1. e4 c5 2. Nf3 d6 3. d4 cxd4 4. Nxd4 Nf6 5. Nc3 g6 6. Be3 Bg7 7. f3 O-O 8. Qd2
Nc6 9. Bc4 Bd7 10. O-O-O Rc8 11. Bb3 Nxd4 12. Bxd4 b5 13. Nd5 Nxd5 14. Bxg7
Kxg7 15. exd5 a5 16. a3 Kg8 17. h4 b4 18. axb4 axb4 19. Qd4 Qc7 20. h5 Bf5 21.
Kd2 Qc5 22. Qxc5 Rxc5 23. hxg6 Bxg6 24. Rh4 Rfc8 25. Rc1 Rb8 26. Rf4 Kf8 27. g4
Rb7 28. Rd4 f6 29. f4 Bf7 30. Kd3 Rbb5 31. Ke4 Kg7 32. f5 Ra5 33. Rh1 Rcb5 34.
Rhd1 Bg8 35. Rg1 Bf7 36. Re1 Kf8 37. Rd2 Rc5 38. Rd4 Rcb5 39. Bc4 Rc5 40. b3
Bg8 41. c3 bxc3 42. b4 Rxc4 43. bxa5 Rc5 44. Ra4 Bxd5+ 45. Kd4 Bf3 46. a6 c2
47. Rc1 Bxg4 48. Ke3 Rxf5 49. a7 Bf3 50. Rxc2 Bd5 51. Rd4 Re5+ 52. Kf4 Bb7 53.
Rc7 Bg2 54. Rd3 Ra5 55. Re3 e5+ 56. Kf5 1-0

[Event "VIII CAMPEONATO CONTINENTAL DE LAS AMERI"]
[Site "Hotel Casa Campestre - Cochaba"]
[Date "2013.05.09"]
[Round "4"]
[White "Lopez, Mario Iver"]
[Black "Sarkar, Justin"]
[Result "0-1"]
[WhiteElo "2197"]
[BlackElo "2437"]
[PlyCount "58"]
[EventDate "2013.05.07"]
[EventRounds "11"]
[EventCountry "BOL"]

1. e4 c5 2. Nc3 Nc6 3. f4 e6 4. Bb5 Nge7 5. Nf3 a6 6. Be2 d5 7. e5 Nf5 8. O-O
c4 9. Kh1 d4 10. Bxc4 dxc3 11. bxc3 Be7 12. d4 Na5 13. Bd3 g6 14. Qe2 b6 15.
Nd2 Bb7 16. Ne4 h5 17. a4 Rc8 18. Bxa6 Bxa6 19. Qxa6 O-O 20. Qd3 Nc4 21. Rb1
Qd7 22. Rb5 Qc6 23. Ng3 Nxg3+ 24. Qxg3 Rfd8 25. f5 exf5 26. e6 Qxe6 27. Rbxf5
h4 28. Qg4 Nd6 29. d5 Qd7 0-1

[Event "VIII CAMPEONATO CONTINENTAL DE LAS AMERI"]
[Site "Hotel Casa Campestre - Cochaba"]
[Date "2013.05.09"]
[Round "4"]
[White "Cori T., Deysi"]
[Black "Aliaga Fernandez, Ingrid Y"]
[Result "1-0"]
[WhiteElo "2430"]
[BlackElo "2184"]
[PlyCount "83"]
[EventDate "2013.05.07"]
[EventRounds "11"]
[EventCountry "BOL"]

1. d4 Nf6 2. c4 e6 3. Nf3 c5 4. d5 exd5 5. cxd5 d6 6. Nc3 g6 7. Bf4 a6 8. a4
Bg7 9. h3 O-O 10. e3 Re8 11. Nd2 Nh5 12. Bh2 f5 13. Be2 Nf6 14. O-O b6 15. Nc4
Bf8 16. Qb3 Ra7 17. Qxb6 Rb7 18. Qxd8 Rxd8 19. Rab1 Rb4 20. b3 Ne4 21. Na2 Rb7
22. Rfd1 Rc7 23. Bd3 Nf6 24. b4 Bd7 25. b5 axb5 26. axb5 Nxd5 27. b6 Rcc8 28.
Na5 Nf6 29. Nb7 Be6 30. Nxd8 Bxa2 31. Nb7 Bxb1 32. Bxb1 Rc6 33. Ba2+ Kg7 34.
Nd8 Rxb6 35. Ne6+ Kf7 36. Nxf8+ Kxf8 37. Bxd6+ Kg7 38. Bxc5 Rb2 39. Be6 Rxf2
40. Rd8 Nc6 41. Bf8+ Kh8 42. Rc8 1-0

[Event "VIII CAMPEONATO CONTINENTAL DE LAS AMERI"]
[Site "Hotel Casa Campestre - Cochaba"]
[Date "2013.05.09"]
[Round "4"]
[White "Saavedra, Carlos"]
[Black "Prasca Sosa, Rafael"]
[Result "0-1"]
[WhiteElo "2179"]
[BlackElo "2426"]
[PlyCount "72"]
[EventDate "2013.05.07"]
[EventRounds "11"]
[EventCountry "BOL"]

1. e4 e6 2. d4 d5 3. exd5 exd5 4. Bd3 Bd6 5. Ne2 Nc6 6. c3 Nge7 7. Nd2 Bg4 8.
Nf1 Qd7 9. f3 Bf5 10. Bf4 O-O-O 11. Bxd6 Qxd6 12. Bxf5+ Nxf5 13. Qd3 g6 14.
O-O-O Rhe8 15. Neg3 Nh4 16. Rg1 Re6 17. Qd2 Qe7 18. Qf2 Re8 19. Nd2 Na5 20. Nb3
Nxb3+ 21. axb3 h6 22. Kb1 b6 23. b4 Qf6 24. Qc2 Kb7 25. b5 a5 26. Qb3 Qd8 27.
c4 Re3 28. Qa2 Qd7 29. cxd5 Qxb5 30. d6 Nf5 31. Ne4 Nxd6 32. Nxd6+ cxd6 33.
Qxf7+ R8e7 34. Qa2 Re2 35. d5 R7e3 36. Rc1 Rxb2+ 0-1

[Event "VIII CAMPEONATO CONTINENTAL DE LAS AMERI"]
[Site "Hotel Casa Campestre - Cochaba"]
[Date "2013.05.09"]
[Round "4"]
[White "Ynojosa, Felix Jose"]
[Black "Delgadillo, Adonay"]
[Result "1-0"]
[WhiteElo "2371"]
[BlackElo "2161"]
[PlyCount "65"]
[EventDate "2013.05.07"]
[EventRounds "11"]
[EventCountry "BOL"]

1. e4 c5 2. c3 d6 3. d4 cxd4 4. cxd4 Nf6 5. Nc3 Nc6 6. d5 Nb8 7. f4 e6 8. dxe6
Bxe6 9. Nf3 Be7 10. Bb5+ Nc6 11. f5 Bd7 12. Bf4 Qa5 13. O-O a6 14. Bd3 Ne5 15.
Kh1 Bc6 16. Nd4 Bd7 17. Bc2 Rc8 18. Bb3 O-O 19. Qe2 Rfe8 20. Rad1 b5 21. Bg5
Nc4 22. Nd5 Qd8 23. h3 Rc5 24. Bxc4 bxc4 25. Qf3 Bc8 26. b4 cxb3 27. Nxb3 Rc4
28. Nd2 Rc2 29. Qb3 Rc5 30. Nc4 h6 31. Nxf6+ Bxf6 32. Nxd6 Rf8 33. Rfe1 1-0

[Event "VIII CAMPEONATO CONTINENTAL DE LAS AMERI"]
[Site "Hotel Casa Campestre - Cochaba"]
[Date "2013.05.09"]
[Round "4"]
[White "Cuellar, Diego"]
[Black "Chumpitaz, Ann"]
[Result "1/2-1/2"]
[WhiteElo "2323"]
[BlackElo "2155"]
[PlyCount "43"]
[EventDate "2013.05.07"]
[EventRounds "11"]
[EventCountry "BOL"]

1. e4 c5 2. d4 cxd4 3. c3 dxc3 4. Nxc3 e6 5. Nf3 a6 6. Bc4 Qc7 7. Bb3 Nc6 8.
O-O Nf6 9. Qe2 d6 10. Rd1 Be7 11. Bf4 Ne5 12. Rac1 Qb8 13. Nd4 O-O 14. Bg3 Ng6
15. a3 Re8 16. Na4 Qa7 17. Nf3 b5 18. Nc3 Qb6 19. e5 Nh5 20. exd6 Nxg3 21. hxg3
Bxd6 22. Ne5 1/2-1/2

[Event "VIII CAMPEONATO CONTINENTAL DE LAS AMERI"]
[Site "Hotel Casa Campestre - Cochaba"]
[Date "2013.05.09"]
[Round "4"]
[White "Salazar, Carlos"]
[Black "Cueto, Jonny"]
[Result "0-1"]
[WhiteElo "2167"]
[BlackElo "2263"]
[PlyCount "86"]
[EventDate "2013.05.07"]
[EventRounds "11"]
[EventCountry "BOL"]

1. d4 d6 2. e4 Nf6 3. f3 c6 4. Ne2 e5 5. c4 Be7 6. Nbc3 a6 7. a4 a5 8. dxe5
dxe5 9. Qxd8+ Bxd8 10. Be3 Na6 11. O-O-O Be6 12. b3 Nd7 13. Kb2 Be7 14. Nc1 Bc5
15. Bxc5 Ndxc5 16. Be2 Ke7 17. Rd2 Rhd8 18. Rhd1 Rxd2+ 19. Rxd2 g6 20. Bd1 f6
21. Bc2 h5 22. g3 h4 23. g4 Bd7 24. N1e2 Ne6 25. Nd1 Nac5 26. Ne3 Ng5 27. Ng1
Nce6 28. Ng2 Rh8 29. h3 Be8 30. Kc3 Bf7 31. Rf2 Nc5 32. Re2 Nge6 33. Rf2 Ng5
34. Re2 Be6 35. f4 Bxg4 36. hxg4 h3 37. Nxh3 Rxh3+ 38. Kb2 Nge6 39. fxe5 fxe5
40. Re3 Rh2 41. Ne1 Nd4 42. Kb1 Nxc2 43. Nxc2 Rg2 0-1

[Event "VIII CAMPEONATO CONTINENTAL DE LAS AMERI"]
[Site "Hotel Casa Campestre - Cochaba"]
[Date "2013.05.09"]
[Round "4"]
[White "Principe, Alexander"]
[Black "Mendoza, Rodrigo"]
[Result "1-0"]
[WhiteElo "2261"]
[BlackElo "2148"]
[PlyCount "69"]
[EventDate "2013.05.07"]
[EventRounds "11"]
[EventCountry "BOL"]

1. e4 c6 2. d4 d5 3. Nc3 dxe4 4. Nxe4 Nf6 5. Nxf6+ gxf6 6. c3 Bf5 7. Nf3 e6 8.
g3 Bg7 9. Bg2 Nd7 10. Be3 Nb6 11. Qe2 Nd5 12. O-O O-O 13. Rfd1 Nxe3 14. fxe3
Be4 15. Nd2 Bxg2 16. Kxg2 Qd7 17. Nf3 Rfd8 18. c4 c5 19. Rac1 b6 20. b3 Qb7 21.
Rc2 Rd7 22. Rcd2 Rad8 23. Kf2 Bh6 24. dxc5 bxc5 25. Rxd7 Rxd7 26. Rxd7 Qxd7 27.
Qd2 Qc7 28. g4 f5 29. gxf5 exf5 30. Qd5 f4 31. e4 Qa5 32. Qd2 Qb6 33. Nh4 Qc7
34. Nf5 Bf8 35. Kf3 1-0

[Event "VIII CAMPEONATO CONTINENTAL DE LAS AMERI"]
[Site "Hotel Casa Campestre - Cochaba"]
[Date "2013.05.09"]
[Round "4"]
[White "Gutierrez, Carmelo"]
[Black "Arias, Juan Carlos"]
[Result "1/2-1/2"]
[WhiteElo "2253"]
[BlackElo "2113"]
[PlyCount "36"]
[EventDate "2013.05.07"]
[EventRounds "11"]
[EventCountry "BOL"]

1. Nf3 d5 2. c4 e6 3. d4 c6 4. Qc2 f5 5. g3 Nf6 6. Bg2 Bd6 7. O-O O-O 8. Bf4
Bxf4 9. gxf4 Ne4 10. Nbd2 Rf6 11. e3 Rh6 12. Nxe4 fxe4 13. Ne5 Qh4 14. h3 Nd7
15. f3 Nxe5 16. fxe5 Qg3 17. Qf2 Rxh3 18. Qxg3 Rxg3 1/2-1/2

[Event "VIII CAMPEONATO CONTINENTAL DE LAS AMERI"]
[Site "Hotel Casa Campestre - Cochaba"]
[Date "2013.05.09"]
[Round "4"]
[White "Aguilar, Andres"]
[Black "Herrera, Fernando"]
[Result "1-0"]
[WhiteElo "2233"]
[BlackElo "2086"]
[PlyCount "91"]
[EventDate "2013.05.07"]
[EventRounds "11"]
[EventCountry "BOL"]

1. e4 c5 2. Nf3 Nc6 3. d4 cxd4 4. Nxd4 d6 5. Nc3 Nf6 6. Bc4 e6 7. Be3 a6 8. Qe2
Qc7 9. Bb3 Na5 10. O-O Be7 11. f4 O-O 12. g4 Nxb3 13. axb3 b5 14. g5 Nd7 15.
Ncxb5 Qb7 16. Nc3 Nc5 17. Qg2 Bd7 18. Rad1 Rfe8 19. h4 Bf8 20. Qf3 a5 21. f5
exf5 22. Nxf5 Bc6 23. Bxc5 dxc5 24. Nd5 Re6 25. c4 Rb8 26. Rd3 a4 27. bxa4 Bxa4
28. b3 Be8 29. h5 Bc6 30. Qf4 Rbe8 31. Re3 Qd7 32. Rd1 Qb7 33. h6 Rg6 34. hxg7
Bxg7 35. Kf1 Be5 36. Qh4 Qb8 37. Rh3 Bxd5 38. Qxh7+ Kf8 39. Rxd5 Bg7 40. Rf3
Rxe4 41. Nd6 Rxd6 42. Qxe4 Ra6 43. Qf4 Ra1+ 44. Kg2 Ra2+ 45. Kg3 Qe8 46. Rd8
1-0

[Event "VIII CAMPEONATO CONTINENTAL DE LAS AMERI"]
[Site "Hotel Casa Campestre - Cochaba"]
[Date "2013.05.09"]
[Round "4"]
[White "Sanchez Sandoval, Gonzalo"]
[Black "Rojas Barrero, Andres Humberto"]
[Result "1/2-1/2"]
[WhiteElo "2103"]
[BlackElo "2227"]
[PlyCount "77"]
[EventDate "2013.05.07"]
[EventRounds "11"]
[EventCountry "BOL"]

1. e4 e5 2. Nf3 Nc6 3. d4 exd4 4. Nxd4 Nf6 5. Nxc6 bxc6 6. e5 Qe7 7. Qe2 Nd5 8.
c4 Ba6 9. Nd2 g6 10. Nf3 Bg7 11. Bg5 Qb4+ 12. Qd2 Qxd2+ 13. Kxd2 Nb6 14. b3 h6
15. Bf4 O-O-O 16. Re1 Rde8 17. Kc2 c5 18. Bd3 g5 19. Bg3 Bb7 20. a4 Kb8 21. h4
g4 22. Nd2 Bxg2 23. Rhg1 Bc6 24. h5 Ref8 25. Bf5 Re8 26. Bf4 f6 27. exf6 Bxf6
28. Rxe8+ Rxe8 29. Rxg4 Bd4 30. Bxh6 Rh8 31. Rg6 Nc8 32. Bg7 Rxh5 33. Be4 Ne7
34. Rg2 Bxe4+ 35. Nxe4 Nf5 36. Bf6 Rh7 37. Rg8+ Kb7 38. Rg5 Bxf6 39. Nxf6
1/2-1/2

[Event "VIII CAMPEONATO CONTINENTAL DE LAS AMERI"]
[Site "Hotel Casa Campestre - Cochaba"]
[Date "2013.05.09"]
[Round "4"]
[White "Nunez Marquina, Nataly Massiel"]
[Black "Latorre, Matias"]
[Result "0-1"]
[WhiteElo "1942"]
[BlackElo "2254"]
[PlyCount "84"]
[EventDate "2013.05.07"]
[EventRounds "11"]
[EventCountry "BOL"]

1. e4 c5 2. Nf3 d6 3. Bb5+ Nd7 4. b3 Ngf6 5. Qe2 g6 6. Bb2 Bg7 7. d4 cxd4 8.
Nxd4 O-O 9. Bxd7 Bxd7 10. c4 Qa5+ 11. Nd2 Nh5 12. Qe3 Bf6 13. Bc3 Qc5 14. N2f3
Bg4 15. Rd1 a6 16. a4 Rab8 17. O-O Rfc8 18. Rfe1 b5 19. axb5 axb5 20. Nxb5 Bxc3
21. Nxc3 Rxb3 22. Rb1 Qxe3 23. Rxe3 Rxb1+ 24. Nxb1 Bxf3 25. Rxf3 Rxc4 26. Nd2
Rd4 27. Nf1 Rxe4 28. g3 Re2 29. Kg2 Nf6 30. Ne3 Kg7 31. Nc4 d5 32. Re3 Rxe3 33.
Nxe3 e6 34. f4 h6 35. Kf3 g5 36. Nc2 Ne4 37. Nd4 Kf6 38. Nc6 Nd2+ 39. Kg4 gxf4
40. gxf4 Nf1 41. h3 Ne3+ 42. Kf3 Nc4 0-1

[Event "VIII CAMPEONATO CONTINENTAL DE LAS AMERI"]
[Site "Hotel Casa Campestre - Cochaba"]
[Date "2013.05.09"]
[Round "4"]
[White "Borda, Cesar"]
[Black "Gemy, Jose Daniel"]
[Result "0-1"]
[WhiteElo "1838"]
[BlackElo "2320"]
[PlyCount "94"]
[EventDate "2013.05.07"]
[EventRounds "11"]
[EventCountry "BOL"]

1. e4 e5 2. Nf3 Nc6 3. Bc4 Be7 4. d3 Nf6 5. Nc3 d6 6. h3 O-O 7. O-O Be6 8. Bb3
h6 9. Nh2 Nd4 10. f4 Nxb3 11. axb3 exf4 12. Bxf4 d5 13. Nb5 Bc5+ 14. Kh1 Bb6
15. e5 Nh7 16. d4 Ng5 17. Nc3 c6 18. Na4 Bc7 19. Qh5 b6 20. h4 Ne4 21. Nc3 f5
22. Nxe4 dxe4 23. Bxh6 Qe8 24. Qxe8 Rfxe8 25. Be3 a5 26. Rf2 c5 27. c3 g6 28.
Rg1 Bd8 29. g3 cxd4 30. cxd4 Rc8 31. Rgf1 Kh7 32. Rc1 Be7 33. Rff1 Rf8 34. b4
axb4 35. Rcd1 Bd5 36. Ra1 Rc7 37. Rac1 Rfc8 38. Rxc7 Rxc7 39. Rc1 Ra7 40. Kg2
b3 41. Rf1 Ra2 42. Bc1 Ba3 43. Kh3 Bxb2 44. Be3 Bc3 45. g4 b2 46. gxf5 gxf5 47.
Rxf5 Be6 0-1

[Event "VIII CAMPEONATO CONTINENTAL DE LAS AMERI"]
[Site "Hotel Casa Campestre - Cochaba"]
[Date "2013.05.09"]
[Round "4"]
[White "Martinez Alcantara, Jose Eduar"]
[Black "Celis, Kevin"]
[Result "1-0"]
[WhiteElo "2208"]
[BlackElo "2134"]
[PlyCount "57"]
[EventDate "2013.05.07"]
[EventRounds "11"]
[EventCountry "BOL"]

1. e4 e6 2. d4 d5 3. Nc3 Bb4 4. e5 c5 5. a3 Bxc3+ 6. bxc3 Ne7 7. Nf3 Bd7 8. a4
Qa5 9. Bd2 Nbc6 10. Qb1 c4 11. Qb2 f6 12. exf6 gxf6 13. g3 e5 14. Bg2 Ng6 15.
Be3 Qc7 16. dxe5 fxe5 17. O-O e4 18. Nd4 Nce5 19. Qa3 a6 20. Bg5 h6 21. Bf6 Rf8
22. Bxe5 Nxe5 23. f3 exf3 24. Bxf3 O-O-O 25. Bxd5 Rxf1+ 26. Rxf1 Bh3 27. Rf8
Nd7 28. Rxd8+ Kxd8 29. Be6 1-0

[Event "VIII CAMPEONATO CONTINENTAL DE LAS AMERI"]
[Site "Hotel Casa Campestre - Cochaba"]
[Date "2013.05.09"]
[Round "4"]
[White "Cordero, Daniela"]
[Black "Lopez, Diego"]
[Result "0-1"]
[WhiteElo "2074"]
[BlackElo "2171"]
[PlyCount "96"]
[EventDate "2013.05.07"]
[EventRounds "11"]
[EventCountry "BOL"]

1. d4 Nf6 2. Nf3 e6 3. e3 c5 4. Bd3 b6 5. O-O d5 6. b3 Bb7 7. Bb2 Nc6 8. c3 Bd6
9. Nbd2 O-O 10. Qe2 Qc7 11. Rac1 Rac8 12. Rfd1 Ne7 13. c4 Ne4 14. Nf1 Ng6 15.
Ne1 Qe7 16. cxd5 exd5 17. dxc5 Nxc5 18. Bf5 Rcd8 19. Qh5 Ne4 20. Nf3 Rfe8 21.
Bd4 Nf8 22. h4 g6 23. Qh6 f6 24. Bh3 Bb8 25. N1h2 Nd6 26. Ng4 Nd7 27. Qf4 Rf8
28. Nh6+ Kg7 29. Qg5 Nc5 30. Nd2 Ne6 31. Bxe6 Qxe6 32. Ng4 Ne8 33. h5 Kf7 34.
Qh4 g5 35. Qh3 Bc8 36. f3 f5 37. Nf2 h6 38. Nb1 Nf6 39. Nd3 Qe7 40. f4 Ng4 41.
Rf1 Kg8 42. Nd2 Ba6 43. Rc3 Rc8 44. Qf3 Rxc3 45. Bxc3 Rd8 46. Nb4 Bxf1 47. Nc6
Qd7 48. Nxd8 Bd3 0-1

[Event "VIII CAMPEONATO CONTINENTAL DE LAS AMERI"]
[Site "Hotel Casa Campestre - Cochaba"]
[Date "2013.05.09"]
[Round "4"]
[White "Cruz Pereyra, Andresantoni"]
[Black "Ferrufino, Boris"]
[Result "1-0"]
[WhiteElo "1947"]
[BlackElo "2211"]
[PlyCount "117"]
[EventDate "2013.05.07"]
[EventRounds "11"]
[EventCountry "BOL"]

1. c4 Nf6 2. Nc3 e6 3. g3 Be7 4. Bg2 O-O 5. d4 d5 6. Nf3 c6 7. O-O Nbd7 8. b3
b6 9. Bb2 Bb7 10. Nd2 Kh8 11. e4 dxc4 12. Nxc4 b5 13. Ne3 Qb6 14. d5 cxd5 15.
exd5 Bc5 16. Ng4 e5 17. Nxf6 Nxf6 18. Ne4 Nxe4 19. Bxe4 f5 20. Bg2 e4 21. g4
Qh6 22. Qc1 Qxc1 23. Raxc1 Bb6 24. Rfd1 e3 25. Bd4 e2 26. Rd2 Bxd4 27. Rxd4 f4
28. Bf3 Rac8 29. Re1 Rfe8 30. Rxe2 Rxe2 31. Bxe2 a6 32. Rxf4 Bxd5 33. Bf3 g5
34. Rf5 Bxf3 35. Rxf3 Rc2 36. a3 Ra2 37. b4 Kg7 38. Rc3 Kg8 39. Kg2 Kg7 40. Kg3
Kg8 41. f3 Kg7 42. h4 h6 43. hxg5 hxg5 44. f4 gxf4+ 45. Kxf4 Kf7 46. g5 Kg7 47.
Ke4 Kf8 48. Kf5 Kg7 49. Ke4 Kf8 50. Kd5 Rg2 51. Kd6 Kg7 52. Kd7 Rxg5 53. Kc7
Kf7 54. Kb7 a5 55. bxa5 b4 56. Rf3+ Ke8 57. a6 Rb5+ 58. Kc6 Ra5 59. Kb7 1-0

[Event "VIII CAMPEONATO CONTINENTAL DE LAS AMERI"]
[Site "Hotel Casa Campestre - Cochaba"]
[Date "2013.05.09"]
[Round "4"]
[White "Parraga, Alejandro"]
[Black "Arias, Juan Cruz"]
[Result "1-0"]
[WhiteElo "2163"]
[BlackElo "1933"]
[PlyCount "63"]
[EventDate "2013.05.07"]
[EventRounds "11"]
[EventCountry "BOL"]

1. c4 e6 2. Nc3 f5 3. g3 Nf6 4. Bg2 Be7 5. Nf3 O-O 6. O-O d6 7. d4 Qe8 8. Qd3
Qh5 9. e4 fxe4 10. Nxe4 Nc6 11. Bd2 e5 12. dxe5 dxe5 13. Nxf6+ gxf6 14. Nh4 Rd8
15. Bd5+ Kh8 16. f4 Bc5+ 17. Kg2 Be6 18. Bc3 Bxd5+ 19. cxd5 Nd4 20. Rae1 exf4
21. Rxf4 Qxd5+ 22. Nf3 Nxf3 23. Bxf6+ Kg8 24. Re8+ Bf8 25. Qxd5+ Rxd5 26. Rxa8
Ne1+ 27. Kf1 Nd3 28. Be7 Nxf4 29. Rxf8+ Kg7 30. Rxf4 Rd1+ 31. Kg2 Kg6 32. Bb4
1-0

[Event "VIII CAMPEONATO CONTINENTAL DE LAS AMERI"]
[Site "Hotel Casa Campestre - Cochaba"]
[Date "2013.05.09"]
[Round "4"]
[White "Molina, Jorge"]
[Black "Tapia, Mauricio"]
[Result "1-0"]
[WhiteElo "2144"]
[BlackElo "1907"]
[PlyCount "70"]
[EventDate "2013.05.07"]
[EventRounds "11"]
[EventCountry "BOL"]

1. d4 Nf6 2. Nf3 g6 3. c4 Bg7 4. Nc3 d6 5. e4 O-O 6. Be2 e5 7. dxe5 dxe5 8.
Qxd8 Rxd8 9. Bg5 Re8 10. Nd5 Nxd5 11. cxd5 c6 12. Bc4 cxd5 13. Bxd5 Nd7 14. Rc1
Nb6 15. Bb3 Bg4 16. Rc7 Be6 17. Bxe6 Rxe6 18. Rxb7 Nc4 19. Nd2 Na5 20. Rc7 Rc6
21. Rxc6 Nxc6 22. Be3 Rc8 23. Ke2 f5 24. f3 Kf7 25. a3 a5 26. Rb1 Bf8 27. Nc4
Ke6 28. Rc1 Rb8 29. Rc2 Nd4+ 30. Bxd4 exd4 31. Nxa5 Bg7 32. Kd3 Rb5 33. b4
fxe4+ 34. fxe4 Be5 35. Nc6 Bxh2 1-0

[Event "VIII CAMPEONATO CONTINENTAL DE LAS AMERI"]
[Site "Hotel Casa Campestre - Cochaba"]
[Date "2013.05.09"]
[Round "4"]
[White "Coro, Renan"]
[Black "Medrano, Mario"]
[Result "1/2-1/2"]
[WhiteElo "1922"]
[BlackElo "2085"]
[PlyCount "150"]
[EventDate "2013.05.07"]
[EventRounds "11"]
[EventCountry "BOL"]

1. d4 e6 2. Nf3 d5 3. Bf4 Nf6 4. e3 b6 5. c3 Bd6 6. Bxd6 Qxd6 7. Be2 O-O 8.
Nbd2 Ba6 9. O-O Bxe2 10. Qxe2 Nbd7 11. e4 dxe4 12. Nxe4 Nxe4 13. Qxe4 Rfe8 14.
Rfe1 f6 15. Rad1 Qd5 16. Qxd5 exd5 17. Kf1 Kf7 18. Nh4 g6 19. g4 Rxe1+ 20. Rxe1
Re8 21. Rxe8 Kxe8 22. Ke2 Ke7 23. Kd3 Nf8 24. Ng2 Ne6 25. h4 c6 26. f3 Ng7 27.
a4 a6 28. b4 Ne8 29. Ne3 Nd6 30. Kd2 Ke6 31. Kd3 h6 32. Ng2 f5 33. Kc2 Kf6 34.
Ne3 Nc4 35. Nxc4 dxc4 36. Kd2 fxg4 37. fxg4 h5 38. gxh5 gxh5 39. Ke3 Kf5 40.
Kf3 a5 41. Ke3 Kg4 42. Ke4 Kxh4 43. b5 cxb5 44. d5 Kg5 45. Ke5 Kg6 46. Ke6 b4
47. d6 b3 48. d7 b2 49. d8=Q b1=Q 50. Qg8+ Kh6 51. Qf8+ Kg5 52. Qf6+ Kg4 53.
Qd4+ Kf3 54. Qf6+ Ke2 55. Qe5+ Kd2 56. Kd6 Qd3+ 57. Kc6 Qxc3 58. Qxh5 Qb3 59.
Qh2+ Kc3 60. Qe5+ Kb4 61. Kxb6 Kxa4+ 62. Ka6 Qb4 63. Qa1+ Qa3 64. Qd1+ Kb4 65.
Qd6+ Kb3 66. Qd1+ Kb4 67. Qd6+ Ka4 68. Qd7+ Kb3 69. Qd1+ Kc3 70. Qf3+ Kb4 71.
Qb7+ Kc3 72. Qf3+ Kb2 73. Qe2+ Kb3 74. Qd1+ Kb4 75. Qd6+ Ka4 1/2-1/2

[Event "VIII CAMPEONATO CONTINENTAL DE LAS AMERI"]
[Site "Hotel Casa Campestre - Cochaba"]
[Date "2013.05.09"]
[Round "4"]
[White "Aguilar, Luis Miguel"]
[Black "Quiroga, Duberlin"]
[Result "1-0"]
[WhiteElo "1903"]
[BlackElo "2078"]
[PlyCount "81"]
[EventDate "2013.05.07"]
[EventRounds "11"]
[EventCountry "BOL"]

1. Nf3 Nf6 2. c4 g6 3. b4 Bg7 4. Bb2 d6 5. g3 e5 6. d3 O-O 7. Bg2 Nc6 8. a3 Kh8
9. O-O Nh5 10. b5 Ne7 11. a4 f5 12. a5 Rb8 13. Nfd2 f4 14. Nc3 Be6 15. a6 b6
16. Qb3 Qd7 17. Nd5 Ng8 18. Ne4 h6 19. Ba3 Bxd5 20. cxd5 Ngf6 21. Nxf6 Bxf6 22.
Rac1 Rbe8 23. Qc4 Bd8 24. Qc6 Qxc6 25. Rxc6 Rf7 26. Bf3 fxg3 27. fxg3 Nf6 28.
Bg4 Kg7 29. Be6 Rff8 30. Rfc1 h5 31. Rxc7+ Bxc7 32. Rxc7+ Kh6 33. Bxd6 Rh8 34.
Rxa7 Ng4 35. h3 Nf6 36. Bxe5 Ref8 37. h4 g5 38. hxg5+ Kxg5 39. e4 h4 40. Bf4+
Kg6 41. Bf5+ 1-0